Vybrané ukazovatele reálnej konvergecie SR k EÚ
Výrazný pokrok zaznamenala SR v reálnej konvergenci v predkrízových rokoch. Stav štrukturálnych a inštitucionálnych reforiem, spomalenie reformného úsilia. Výhľad reálnej konvergencie a jej úzke miesta. HDP na obyvateľa (v parite kúpnej sily). Konvergencia v cenovej oblasti.
Salvato in:
| Autore principale: | |
|---|---|
| Natura: | Capitolo di libro |
| Lingua: | slovacco |
| Soggetti: | |
| Tags: |
Nessun Tag, puoi essere il primo ad aggiungerne!!
|
MARC
| LEADER | 00000nla$a2200000$$$4500 | ||
|---|---|---|---|
| 001 | 0120333 | ||
| 005 | 20240502072341.6 | ||
| 041 | 0 | |a slo | |
| 044 | |a SK | ||
| 245 | 1 | 0 | |a Vybrané ukazovatele reálnej konvergecie SR k EÚ |c Stanislav Karabínoš |
| 520 | |a Výrazný pokrok zaznamenala SR v reálnej konvergenci v predkrízových rokoch. Stav štrukturálnych a inštitucionálnych reforiem, spomalenie reformného úsilia. Výhľad reálnej konvergencie a jej úzke miesta. HDP na obyvateľa (v parite kúpnej sily). Konvergencia v cenovej oblasti. | ||
| 610 | 2 | 0 | |a konvergencia |
| 610 | 2 | 0 | |a Slovensko |
| 610 | 2 | 0 | |a Európska únia |
| 610 | 2 | 0 | |a ukazovatele |
| 610 | 2 | 0 | |a reformy štruktúrne |
| 610 | 2 | 0 | |a hladina cenová |
| 610 | 2 | 0 | |a produkt domáci hrubý |
| 100 | 1 | |a Karabínoš, Stanislav | |